LEADER 01149nam1-2200373---450- 001 990002700060203316 005 20060120095625.0 035 $a000270006 035 $aUSA01000270006 035 $a(ALEPH)000270006USA01 035 $a000270006 100 $a20060110d--------km-y0itay0103----ba 101 $aita 102 $aIT 105 $a||||||||001yy 200 1 $aAnnali$fQuinto Ennio 210 $aNapoli$cLiguori 215 $av.$d24 cm 225 2 $aForme materiali e ideologie del mondo antico 410 0$1001$12001$aForme materiali e ideologie del mondo antico 463 \1$1001990002700070203316$12001 $a<> Libri I-VIII$ecommentari 463 \1$1001990002700080203316$12001 $a<> Libri IX-XVIII$ecommentari 463 \1$1001990002827230203316$12001 $a<<1:>> Libri 1.-8. 676 $a873.01 700 1$aENNIUS,$bQuintus$0162470 801 0$aIT$bsalbc$gISBD 912 $a990002700060203316 951 $aV.3.A.80/2 (VIII A 1111 ) 959 $aBK 969 $aUMA 979 $aCHIARA$b90$c20060110$lUSA01$h1239 979 $aPATRY$b90$c20060120$lUSA01$h0956 996 $aAnnali$988298 997 $aUNISA LEADER 00918nam0-2200325---450- 001 990009804570403321 005 20140115090249.0 010 $a978-88-548-5181-8 035 $a000980457 035 $aFED01000980457 035 $a(Aleph)000980457FED01 035 $a000980457 100 $a20131227d2012----km-y0itay50------ba 101 0 $aita 102 $aIT 105 $ay-------001yy 200 1 $aBiopolitica libertà e cura$esaggio su Foucault$fVincenzo Sorrentino 210 $aRoma$cAracne$d2012 215 $a128 p.$d24 cm 225 1 $aPercorsi di etica$iSaggi$v7 610 0 $aFoucault, Michel 676 $a320.01$v22$zita 700 1$aSorrentino,$bVincenzo$f<1964- >$0252219 801 0$aIT$bUNINA$gREICAT$2UNIMARC 901 $aBK 912 $a990009804570403321 952 $aCollez. 2246 (7)$b50316$fFSPBC 959 $aFSPBC 996 $aBiopolitica libertà e cura$9837727 997 $aUNINA